Compositional Engineering of Perovskite Absorber Material to Enhance the Stability of PSCs / (Record no. 602072)

000 -LEADER
fixed length control field 00506nam a2200157Ia 4500
008 - FIXED-LENGTH DATA ELEMENTS--GENERAL INFORMATION
fixed length control field 230907s9999||||xx |||||||||||||| ||und||
082 ## - DEWEY DECIMAL CLASSIFICATION NUMBER
Classification number 620
Author Mark TAN
100 ## - MAIN ENTRY--PERSONAL NAME
Personal name Tanzeela Yousaf (00000273763)
9 (RLIN) 116725
245 #0 - TITLE STATEMENT
Title Compositional Engineering of Perovskite Absorber Material to Enhance the Stability of PSCs /
260 ## - PUBLICATION, DISTRIBUTION, ETC.
Place of publication, distribution, etc. USPCAS-E, NUST,
Name of publisher, distributor, etc. Islamabad :
Date of publication, distribution, etc. 2022
300 ## - PHYSICAL DESCRIPTION
Extent xvi, 81 p.
520 ## - SUMMARY, ETC.
Summary, etc. TH-394
650 ## - SUBJECT ADDED ENTRY--TOPICAL TERM
Topical term or geographic name entry element MS-ESE Thesis MS Thesis
700 ## - ADDED ENTRY--PERSONAL NAME
Personal name Dr. Nadia Shahzad
9 (RLIN) 117122
942 ## - ADDED ENTRY ELEMENTS (KOHA)
Koha item type Thesis
Source of classification or shelving scheme
Holdings
Withdrawn status Lost status Source of classification or shelving scheme Damaged status Not for loan Permanent Location Current Location Date acquired Full call number Barcode Date last seen Price effective from Koha item type
          US-Pakistan Center for Advanced Studies in Energy (USPCAS-E) US-Pakistan Center for Advanced Studies in Energy (USPCAS-E) 08/01/2022 620 TAN CAS-ETH0000394 09/12/2023 09/12/2023 Thesis
© 2023 Central Library, National University of Sciences and Technology. All Rights Reserved.